| 000 | 01016cam a2200325 a 4500 | ||
|---|---|---|---|
| 001 | 4452327 | ||
| 003 | OSt | ||
| 005 | 20140310184453.0 | ||
| 008 | 951002s1997 nyua j 000 1 eng | ||
| 010 | _a 95030063 | ||
| 020 | _a0590738879 | ||
| 020 | _a9780590738873 | ||
| 040 |
_aDLC _cDLC _dDLC |
||
| 042 | _alcac | ||
| 050 | 0 | 0 |
_aPZ 7 _b.M478818Day 1997 |
| 100 | 1 |
_aMcPhail, David, _d1940- _928180 |
|
| 245 | 1 | 4 |
_aThe day the dog said, "Cock-a-doodle doo!" / _cDavid McPhail. |
| 260 |
_aNew York : _bScholastic Inc., _c1997. |
||
| 300 |
_bcol. ill. ; _c23 cm. |
||
| 440 | 0 |
_aHello reader! _nLevel 2 _928181 |
|
| 521 | _aG2 | ||
| 526 | _c420 | ||
| 650 | 1 |
_aDomestic animals _vFiction. _928182 |
|
| 650 | 1 |
_aAnimal sounds _vFiction. _928183 |
|
| 650 | 1 |
_aWinds _vFiction. _928184 |
|
| 906 |
_a7 _bcbc _corignew _d1 _eocip _f19 _gy-gencatlg |
||
| 942 |
_2lcc _cBK-SCHOLAS |
||
| 999 |
_c34608 _d34608 |
||